000 00310nam a22001337a 4500
008 171021b xxu||||| |||| 00| 0 eng d
020 _a9780787971533
041 _aeng
080 _a658
100 _a54
101 _aLID
245 _aGLOBAL HEALTH LEADERSHIP AND MANAGEMENT
_cFOEGE, W.H
942 _2udc
_cBK
999 _c35306
_d35306